000
002780000a22000970004500
100
1
_a
Neira, Armando
245
1
0
_a
El reino de los invisibles : Viaje al corazón de los dueños de la calle
300
_a
Vol. 17, Núm 17 (1993), Páginas 22-24
773
0
_t
Cambio 16
942
_c
ANA
999
_c
58368
_d
58368